[Event "Titled Tuesday intern op 02nd Aug Late"]
[Site "Chess.com INT"]
[Date "2022.08.02"]
[Round "9"]
[White "Moraes, Nelson da Silva"]
[Black "Lakshmi, Chidambaram"]
[Result "1-0"]
[WhiteElo "2178"]
[BlackElo "1959"]
[PlyCount "75"]
[EventDate "2022.08.02"]
[EventType "swiss (blitz)"]
[EventRounds "11"]
[EventCountry "USA"]
[SourceTitle "EXT 2023"]
[Source "ChessBase"]
[SourceDate "2022.10.05"]
[SourceVersion "1"]
[SourceVersionDate "2022.10.05"]
[SourceQuality "1"]

1. e4 e5 2. Nf3 Nc6 3. d4 exd4 4. Nxd4 Bc5 5. Nb3 Bb6 6. Nc3 Nf6 7. Qe2 d6 8. Be3 0-0 9. 0-0-0 Be6 10. f3 a5 11. a4 Bxe3+ 12. Qxe3 Ne5 13. Nd5 Nxd5 14. exd5 Bd7 15. Bb5 Bxb5 16. axb5 a4 17. Nd4 a3 18. b3 Re8 19. Qc3 c5 20. dxc6 bxc6 21. Nxc6 Qg5+ 22. Kb1 a2+ 23. Ka1 Nxc6 24. bxc6 Re3 25. Qb2 Qc5 26. Rhe1 Rc3 27. Rd2 Qxc6 28. Red1 h6 29. Rxd6 Qc5 30. Rd8+ Rxd8 31. Rxd8+ Kh7 32. Rd2 Qe3 33. Rd1 Qc5 34. Rc1 Qa5 35. Qxa2 Qe5 36. Qb2 Qe3 37. Kb1 Qd2 38. b4 1-0

[Event "Titled Tuesday intern op 02nd Aug Late"]
[Site "Chess.com INT"]
[Date "2022.08.02"]
[Round "11"]
[White "Moraes, Nelson da Silva"]
[Black "Vujcic, Milena"]
[Result "1-0"]
[WhiteElo "2178"]
[BlackElo "1987"]
[PlyCount "35"]
[EventDate "2022.08.02"]
[EventType "swiss (blitz)"]
[EventRounds "11"]
[EventCountry "USA"]
[SourceTitle "EXT 2023"]
[Source "ChessBase"]
[SourceDate "2022.10.05"]
[SourceVersion "1"]
[SourceVersionDate "2022.10.05"]
[SourceQuality "1"]

1. e4 e5 2. Nf3 Nc6 3. d4 exd4 4. Nxd4 Bc5 5. Nb3 Bb6 6. Nc3 Nf6 7. Qe2 d6 8. Be3 0-0 9. 0-0-0 Re8 10. f3 Bxe3+ 11. Qxe3 Be6 12. g4 Bxb3 13. axb3 Qe7 14. g5 Nh5 15. f4 a5 16. Be2 g6 17. Bxh5 gxh5 18. Nd5 1-0

[Event "Titled Tuesday intern op 26th Apr Late"]
[Site "Chess.com INT"]
[Date "2022.04.26"]
[Round "9"]
[White "Licznerski, Lukasz"]
[Black "Moraes, Nelson da Silva"]
[Result "1-0"]
[WhiteElo "2439"]
[BlackElo "2178"]
[PlyCount "97"]
[EventDate "2022.04.26"]
[EventType "swiss (blitz)"]
[EventRounds "11"]
[EventCountry "USA"]
[SourceTitle "CBM 208 Extra"]
[Source "ChessBase"]
[SourceDate "2022.07.31"]
[SourceVersion "1"]
[SourceVersionDate "2022.07.31"]
[SourceQuality "1"]

1. e4 e6 2. d4 d5 3. Nd2 c5 4. exd5 exd5 5. Ngf3 Nc6 6. Bb5 Qe7+ 7. Be2 Qc7 8. 0-0 Nf6 9. Re1 cxd4 10. Nb3 Bb4 11. Bd2 0-0 12. Bxb4 Nxb4 13. Nbxd4 Re8 14. c3 Nc6 15. h3 Bd7 16. Bf1 Qf4 17. Qb3 Qc7 18. Rad1 h6 19. Nc2 Bf5 20. Ne3 Be4 21. Nd2 Rad8 22. Nxe4 Rxe4 23. Bd3 Re7 24. Nf5 Rxe1+ 25. Rxe1 Ne5 26. Bb1 Re8 27. Qd1 Qc5 28. Re2 Nc6 29. Rxe8+ Nxe8 30. Qg4 Qb6 31. Nxh6+ Kf8 32. Nf5 Qxb2 33. Bd3 Qxc3 34. Qh4 Qa1+ 35. Kh2 Nf6 36. Qh8+ Ng8 37. Ng3 Qf6 38. Bh7 Nce7 39. Bxg8 Nxg8 40. Qh5 Ne7 41. Qe2 d4 42. Qb5 b6 43. Qd7 Qc6 44. Qd8+ Qe8 45. Qxd4 Nc6 46. Qd6+ Kg8 47. f4 Na5 48. Nf5 Nc4 49. Qd4 1-0

[Event "Titled Tuesday intern op 26th Apr Late"]
[Site "Chess.com INT"]
[Date "2022.04.26"]
[Round "7"]
[White "Makarian, Rudik"]
[Black "Moraes, Nelson da Silva"]
[Result "1-0"]
[WhiteElo "2502"]
[BlackElo "2178"]
[PlyCount "69"]
[EventDate "2022.04.26"]
[EventType "swiss (blitz)"]
[EventRounds "11"]
[EventCountry "USA"]
[SourceTitle "CBM 208 Extra"]
[Source "ChessBase"]
[SourceDate "2022.07.31"]
[SourceVersion "1"]
[SourceVersionDate "2022.07.31"]
[SourceQuality "1"]

1. d3 d5 2. f4 c5 3. Nf3 Nc6 4. g3 Nf6 5. Bg2 e6 6. 0-0 Bd6 7. Nc3 0-0 8. e4 dxe4 9. Nxe4 Nxe4 10. dxe4 Bc7 11. Qe2 Nd4 12. Nxd4 Qxd4+ 13. Kh1 Rd8 14. e5 Rb8 15. c3 Qd3 16. Qxd3 Rxd3 17. Be4 Rd8 18. Be3 b6 19. Rfd1 Ba6 20. Kg2 Rxd1 21. Rxd1 Rd8 22. Rxd8+ Bxd8 23. b3 h6 24. c4 Kf8 25. g4 Ke8 26. Kf3 Kd7 27. Kg3 Bc7 28. h4 Ke7 29. Kf3 f6 30. exf6+ Kxf6 31. g5+ hxg5 32. fxg5+ Kf7 33. h5 Be5 34. Bf4 Bxf4 35. Kxf4 1-0

[Event "Titled Tuesday intern op 26th Apr Late"]
[Site "Chess.com INT"]
[Date "2022.04.26"]
[Round "10"]
[White "Moraes, Nelson da Silva"]
[Black "Dudzinski, Pawel"]
[Result "1-0"]
[WhiteElo "2178"]
[BlackElo "2196"]
[PlyCount "61"]
[EventDate "2022.04.26"]
[EventType "swiss (blitz)"]
[EventRounds "11"]
[EventCountry "USA"]
[SourceTitle "CBM 208 Extra"]
[Source "ChessBase"]
[SourceDate "2022.07.31"]
[SourceVersion "1"]
[SourceVersionDate "2022.07.31"]
[SourceQuality "1"]

1. e4 c6 2. d4 d5 3. exd5 cxd5 4. c4 Nf6 5. Nc3 g6 6. cxd5 Bg7 7. Nf3 0-0 8. Bc4 Nbd7 9. 0-0 Nb6 10. Bb3 Nfxd5 11. h3 h6 12. Re1 Be6 13. Ne5 Nxc3 14. bxc3 Bxb3 15. axb3 e6 16. Ba3 Re8 17. Qf3 Bxe5 18. Rxe5 Kg7 19. Qxb7 Nd7 20. Re3 Rb8 21. Qxa7 Rxb3 22. Bb4 Nf6 23. Rf3 Qd7 24. Qxd7 Nxd7 25. Ra7 Nf6 26. Bd6 Rb1+ 27. Kh2 Nh5 28. Rfxf7+ Kg8 29. g4 Rb2 30. gxh5 Rxf2+ 31. Rxf2 1-0

[Event "Titled Tuesday intern op 26th Apr Late"]
[Site "Chess.com INT"]
[Date "2022.04.26"]
[Round "2"]
[White "Moraes, Nelson da Silva"]
[Black "Kohler, Aran"]
[Result "1-0"]
[WhiteElo "2178"]
[BlackElo "2121"]
[PlyCount "71"]
[EventDate "2022.04.26"]
[EventType "swiss (blitz)"]
[EventRounds "11"]
[EventCountry "USA"]
[SourceTitle "CBM 208 Extra"]
[Source "ChessBase"]
[SourceDate "2022.07.31"]
[SourceVersion "1"]
[SourceVersionDate "2022.07.31"]
[SourceQuality "1"]

1. e4 c6 2. d4 d5 3. exd5 cxd5 4. c4 Nf6 5. Nc3 dxc4 6. Nf3 e6 7. Bxc4 a6 8. 0-0 Be7 9. Ne5 b5 10. Qf3 Ra7 11. Bd3 Bb7 12. Qg3 g6 13. Bh6 Nbd7 14. Rfe1 Nh5 15. Qe3 Nxe5 16. dxe5 Qa8 17. Rad1 Bxg2 18. Nxb5 Rd7 19. Nd6+ Bxd6 20. exd6 Bh1 21. Bf1 Bd5 22. Qc3 Rg8 23. Qe5 Qc6 24. Qxd5 Qxd5 25. Rxd5 g5 26. Rxg5 Rxg5+ 27. Bxg5 Rxd6 28. Be2 Ng7 29. Rd1 Rxd1+ 30. Bxd1 Nf5 31. Ba4+ Kf8 32. Bf6 Nd6 33. f3 h5 34. Kg2 Nc4 35. Kg3 Nb6 36. Bc6 1-0

[Event "Titled Tuesday intern op 26th Apr Late"]
[Site "Chess.com INT"]
[Date "2022.04.26"]
[Round "5"]
[White "Moraes, Nelson da Silva"]
[Black "Korchmar, Vasiliy"]
[Result "1-0"]
[WhiteElo "2178"]
[BlackElo "2450"]
[PlyCount "77"]
[EventDate "2022.04.26"]
[EventType "swiss (blitz)"]
[EventRounds "11"]
[EventCountry "USA"]
[SourceTitle "CBM 208 Extra"]
[Source "ChessBase"]
[SourceDate "2022.07.31"]
[SourceVersion "1"]
[SourceVersionDate "2022.07.31"]
[SourceQuality "1"]

1. e4 c5 2. Nf3 d6 3. d4 cxd4 4. Nxd4 Nf6 5. Nc3 Nc6 6. Be3 e5 7. Nf3 Be7 8. h3 h6 9. Bc4 0-0 10. 0-0 Be6 11. Qe2 Rc8 12. Rad1 Nd4 13. Rxd4 exd4 14. Bxe6 fxe6 15. Nxd4 Qd7 16. Rd1 Rxc3 17. bxc3 Nxe4 18. Qg4 Nxc3 19. Nxe6 Rf7 20. Re1 Nd5 21. Bxh6 Bf6 22. Qc4 Nb6 23. Qg4 Re7 24. Bc1 Be5 25. Nf4 Qxg4 26. hxg4 Rc7 27. Re2 Rc4 28. g3 Ra4 29. c3 Rc4 30. Bd2 Na4 31. Nd5 Kf8 32. f3 Nxc3 33. Rxe5 dxe5 34. Nxc3 Rb4 35. Kf1 Rb2 36. Ke2 b5 37. Kd3 b4 38. Nd1 a5 39. Nxb2 1-0

[Event "Titled Tuesday intern op 26th Apr Late"]
[Site "Chess.com INT"]
[Date "2022.04.26"]
[Round "8"]
[White "Moraes, Nelson da Silva"]
[Black "Vlassov, Nikolai"]
[Result "0-1"]
[WhiteElo "2178"]
[BlackElo "2294"]
[PlyCount "62"]
[EventDate "2022.04.26"]
[EventType "swiss (blitz)"]
[EventRounds "11"]
[EventCountry "USA"]
[SourceTitle "CBM 208 Extra"]
[Source "ChessBase"]
[SourceDate "2022.07.31"]
[SourceVersion "1"]
[SourceVersionDate "2022.07.31"]
[SourceQuality "1"]

1. e4 Nc6 2. d4 d5 3. exd5 Qxd5 4. Nf3 Bg4 5. Be2 0-0-0 6. Be3 Nh6 7. h3 Bxf3 8. Bxf3 Qa5+ 9. Bd2 Qb6 10. Bxc6 Qxc6 11. Bxh6 Qxg2 12. Qg4+ Qxg4 13. hxg4 gxh6 14. c3 Bg7 15. Nd2 e5 16. dxe5 Bxe5 17. Nf3 Bf4 18. Nd4 Rhe8+ 19. Kf1 c5 20. Nb3 b6 21. Rh3 Re4 22. a4 Bg5 23. f3 Rf4 24. a5 Kb7 25. axb6 axb6 26. Ke2 f5 27. gxf5 Rxf5 28. Rhh1 Re5+ 29. Kf2 Be3+ 30. Kg3 Rg8+ 31. Kh4 Bf2+ 0-1

[Event "Titled Tuesday intern op 22nd Sept"]
[Site "Chess.com INT"]
[Date "2020.09.22"]
[Round "3"]
[White "Moraes, Nelson da Silva"]
[Black "Maltsevskaya, Aleksandra"]
[Result "1-0"]
[WhiteElo "2178"]
[BlackElo "2242"]
[PlyCount "131"]
[EventDate "2020.09.22"]
[EventType "swiss (blitz)"]
[EventRounds "10"]
[EventCountry "USA"]
[SourceTitle "CBM 198 Extra"]
[Source "ChessBase"]
[SourceDate "2020.11.30"]
[SourceVersion "1"]
[SourceVersionDate "2020.11.30"]
[SourceQuality "1"]

1. e4 c6 2. d4 d5 3. exd5 cxd5 4. c4 Nf6 5. Nc3 Nc6 6. Nf3 g6 7. c5 Bg7 8. h3 0-0 9. Bd3 b6 10. cxb6 Qxb6 11. Na4 Qd8 12. 0-0 Nb4 13. Bf4 Ne4 14. Be2 Qa5 15. a3 Nc6 16. b4 Qd8 17. Rc1 Bd7 18. Nc5 Nxc5 19. Rxc5 e6 20. Bd6 Re8 21. b5 Ne7 22. Bc7 Qc8 23. Qc1 Qb7 24. Bg3 Rac8 25. Qb1 Nf5 26. Be5 Bxe5 27. Rxc8 Rxc8 28. dxe5 Rc3 29. Qb4 Qc7 30. a4 h5 31. a5 Qc5 32. Qxc5 Rxc5 33. b6 axb6 34. axb6 Bc6 35. Ba6 Rc2 36. Rb1 d4 37. b7 Bxb7 38. Bxb7 Re2 39. g4 hxg4 40. hxg4 Nh6 41. Nxd4 Rxe5 42. Bf3 Nxg4 43. Bxg4 Re4 44. Bxe6 Rxd4 45. Rb8+ Kg7 46. Rb7 Rf4 47. Kg2 g5 48. Kg3 Kg6 49. Bb3 Rf6 50. Bc2+ Kg7 51. Rb5 Kh6 52. Rf5 Rxf5 53. Bxf5 Kg7 54. Kg4 Kf6 55. Bc2 Ke5 56. Kxg5 f6+ 57. Kg4 Ke6 58. Kf4 Kf7 59. Kf5 Ke7 60. Bb3 Kf8 61. Kxf6 Ke8 62. Kg7 Ke7 63. f4 Kd6 64. f5 Ke5 65. f6 Kd4 66. f7 1-0

[Event "Titled Tuesday intern op 4th Aug 10am"]
[Site "Chess.com INT"]
[Date "2020.08.04"]
[Round "5"]
[White "Millard, Charlotte"]
[Black "Moraes, Nelson da Silva"]
[Result "0-1"]
[WhiteElo "1252"]
[BlackElo "2178"]
[PlyCount "90"]
[EventDate "2020.08.04"]
[EventType "swiss (blitz)"]
[EventRounds "10"]
[EventCountry "USA"]
[SourceTitle "CBM 197 Extra"]
[Source "ChessBase"]
[SourceDate "2020.09.30"]
[SourceVersion "1"]
[SourceVersionDate "2020.09.30"]
[SourceQuality "1"]

1. e4 e6 2. d4 d5 3. Nd2 c5 4. c3 Nc6 5. Ngf3 Nf6 6. Bd3 cxd4 7. cxd4 Be7 8. e5 Nd7 9. Nb3 0-0 10. 0-0 f5 11. exf6 Nxf6 12. Qc2 Nb4 13. Qd2 Nxd3 14. Qxd3 Bd7 15. Ne5 Be8 16. Qh3 Qb6 17. Be3 Nd7 18. Qg3 Nxe5 19. dxe5 Qd8 20. Nd4 Bd7 21. Bh6 Rf7 22. Nf3 Qf8 23. Be3 Kh8 24. Ng5 Rf5 25. Qh4 h6 26. f4 Kg8 27. Nxe6 Bxh4 28. Nxf8 Rfxf8 29. g3 Be7 30. Bd4 Be6 31. h3 b6 32. Kh2 Rac8 33. g4 Rc2+ 34. Kh1 Bh4 35. f5 Bc8 36. f6 Bb7 37. fxg7 Rxf1+ 38. Rxf1 Be7 39. e6 Rd2 40. Bc3 d4+ 41. Kg1 dxc3 42. bxc3 Bc5+ 43. Rf2 Rxf2 44. e7 Re2+ 45. Kf1 Rxe7 0-1

[Event "Titled Tuesday intern op 4th Aug 10am"]
[Site "Chess.com INT"]
[Date "2020.08.04"]
[Round "4"]
[White "Moraes, Nelson da Silva"]
[Black "Brown, Equitable"]
[Result "1-0"]
[WhiteElo "2178"]
[BlackElo "2057"]
[PlyCount "63"]
[EventDate "2020.08.04"]
[EventType "swiss (blitz)"]
[EventRounds "10"]
[EventCountry "USA"]
[SourceTitle "CBM 197 Extra"]
[Source "ChessBase"]
[SourceDate "2020.09.30"]
[SourceVersion "1"]
[SourceVersionDate "2020.09.30"]
[SourceQuality "1"]

1. e4 e5 2. Nf3 Nc6 3. d4 exd4 4. Nxd4 Nf6 5. Nc3 Bb4 6. Nxc6 bxc6 7. Bd3 d5 8. exd5 cxd5 9. 0-0 0-0 10. h3 c6 11. Qf3 Nd7 12. Bf4 Re8 13. Rad1 Bxc3 14. bxc3 Ne5 15. Qg3 Nxd3 16. cxd3 Bf5 17. c4 Qf6 18. cxd5 cxd5 19. d4 Re2 20. a3 Rae8 21. Be5 Qg6 22. Qxg6 hxg6 23. Rc1 Ra2 24. Rc3 f6 25. Bg3 Ree2 26. Rd1 Bc2 27. Rc1 Ba4 28. Rc7 Rxa3 29. Rxa7 Raa2 30. Rcc7 Be8 31. Rxg7+ Kf8 32. Bd6+ 1-0

[Event "Titled Tuesday intern op 4th Aug 10am"]
[Site "Chess.com INT"]
[Date "2020.08.04"]
[Round "8"]
[White "Moraes, Nelson da Silva"]
[Black "Koelle, Tobias"]
[Result "0-1"]
[WhiteElo "2178"]
[BlackElo "2275"]
[PlyCount "82"]
[EventDate "2020.08.04"]
[EventType "swiss (blitz)"]
[EventRounds "10"]
[EventCountry "USA"]
[SourceTitle "CBM 197 Extra"]
[Source "ChessBase"]
[SourceDate "2020.09.30"]
[SourceVersion "1"]
[SourceVersionDate "2020.09.30"]
[SourceQuality "1"]

1. e4 e5 2. Nf3 Nc6 3. d4 exd4 4. Nxd4 Nf6 5. Nc3 Bb4 6. Nxc6 bxc6 7. Bd3 d5 8. exd5 0-0 9. 0-0 cxd5 10. h3 c6 11. Qf3 Be6 12. Bf4 Bd6 13. Ne2 Rb8 14. b3 Rb4 15. Rfd1 Bxf4 16. Nxf4 Qc7 17. Ne2 Qe5 18. c3 Rh4 19. Nd4 c5 20. Re1 Qd6 21. Nf5 Bxf5 22. Qxf5 c4 23. Bc2 Rh5 24. Qf3 Re5 25. Rxe5 Qxe5 26. Rd1 cxb3 27. axb3 Rc8 28. c4 dxc4 29. bxc4 g6 30. Bb3 Kg7 31. g3 a5 32. Kg2 h5 33. Rd3 Qc5 34. Qe3 Qc6+ 35. Qf3 Qc7 36. Rc3 h4 37. g4 Nh7 38. c5 a4 39. Bxa4 Ng5 40. Qd5 Ne6 41. Bb3 Nf4+ 0-1

[Event "Titled Tuesday intern op 4th Aug 2pm"]
[Site "Chess.com INT"]
[Date "2020.08.04"]
[Round "3"]
[White "Moraes, Nelson da Silva"]
[Black "Oliveira, Silvio Eduardo"]
[Result "1-0"]
[WhiteElo "2178"]
[BlackElo "2280"]
[PlyCount "78"]
[EventDate "2020.08.04"]
[EventType "swiss (blitz)"]
[EventRounds "10"]
[EventCountry "USA"]
[SourceTitle "CBM 197 Extra"]
[Source "ChessBase"]
[SourceDate "2020.09.30"]
[SourceVersion "1"]
[SourceVersionDate "2020.09.30"]
[SourceQuality "1"]

1. e4 c5 2. c3 Nf6 3. e5 Nd5 4. d4 cxd4 5. Qxd4 e6 6. Nf3 Nc6 7. Qe4 f5 8. Qe2 b5 9. g3 a5 10. Bg2 Ba6 11. 0-0 Bc5 12. a3 b4 13. c4 Nb6 14. b3 a4 15. axb4 Nxb4 16. Nc3 axb3 17. Nd2 Nc2 18. Rxa6 Rxa6 19. Nxb3 Nd4 20. Nxd4 Bxd4 21. Nb5 Bc5 22. Be3 Be7 23. c5 Nc8 24. Rd1 Qa5 25. Nc7+ Qxc7 26. Qxa6 0-0 27. Qb7 Qxe5 28. Rxd7 Bf6 29. Bd4 Qe1+ 30. Bf1 Bxd4 31. Rxd4 f4 32. Rxf4 Rxf4 33. gxf4 Qd1 34. Qxc8+ Kf7 35. Qb7+ Kf6 36. Qg2 Qc1 37. Qg5+ Kf7 38. Qe5 Qd1 39. h3 Qc1 1-0

[Event "Titled Tuesday intern op 4th Aug 2pm"]
[Site "Chess.com INT"]
[Date "2020.08.04"]
[Round "2"]
[White "Moraes, Nelson da Silva"]
[Black "Tomb, Maroun"]
[Result "1-0"]
[WhiteElo "2178"]
[BlackElo "2084"]
[PlyCount "53"]
[EventDate "2020.08.04"]
[EventType "swiss (blitz)"]
[EventRounds "10"]
[EventCountry "USA"]
[SourceTitle "CBM 197 Extra"]
[Source "ChessBase"]
[SourceDate "2020.09.30"]
[SourceVersion "1"]
[SourceVersionDate "2020.09.30"]
[SourceQuality "1"]

1. e4 d6 2. d4 Nf6 3. f4 Nxe4 4. Bd3 Nf6 5. Nf3 g6 6. 0-0 Bg7 7. c4 e6 8. Nc3 b6 9. d5 0-0 10. dxe6 Bxe6 11. f5 Bd7 12. Bg5 Bc6 13. Qe1 Nbd7 14. fxg6 fxg6 15. Nd4 Ne5 16. Nxc6 Nxc6 17. Nd5 Ne5 18. Qh4 Ned7 19. Rae1 c6 20. Ne7+ Kf7 21. Qxh7 Ne5 22. Rxe5 dxe5 23. Rxf6+ Ke8 24. Bxg6+ Kd7 25. Qxg7 Qxe7 26. Bf5+ Ke8 27. Rxf8+ 1-0

[Event "Titled Tuesday intern op 4th Aug 2pm"]
[Site "Chess.com INT"]
[Date "2020.08.04"]
[Round "4"]
[White "Rychagov, Andrey"]
[Black "Moraes, Nelson da Silva"]
[Result "1-0"]
[WhiteElo "2545"]
[BlackElo "2178"]
[PlyCount "75"]
[EventDate "2020.08.04"]
[EventType "swiss (blitz)"]
[EventRounds "10"]
[EventCountry "USA"]
[SourceTitle "CBM 197 Extra"]
[Source "ChessBase"]
[SourceDate "2020.09.30"]
[SourceVersion "1"]
[SourceVersionDate "2020.09.30"]
[SourceQuality "1"]

1. d4 d5 2. c4 dxc4 3. Nf3 Nf6 4. e3 c5 5. Bxc4 cxd4 6. 0-0 e6 7. exd4 Be7 8. Nc3 0-0 9. Bg5 Nc6 10. a3 b6 11. Qd3 Bb7 12. Rad1 Rc8 13. Ba2 Nd5 14. Bb1 g6 15. Bh6 Nxc3 16. bxc3 Re8 17. a4 Na5 18. Ne5 Qd5 19. f3 Nc4 20. Qe2 Nxe5 21. Be4 Qc4 22. Qxc4 Rxc4 23. Bxb7 Nd7 24. Bd2 Nf6 25. Ba6 Rc7 26. c4 Rd8 27. Bf4 Bd6 28. Bg5 Be7 29. Rfe1 Kg7 30. Bh4 Rcd7 31. Bf2 Bc5 32. Bb5 Rd6 33. Kf1 Bxd4 34. Bg3 e5 35. f4 Ng4 36. fxe5 Re6 37. Re4 Ne3+ 38. Rxe3 1-0

[Event "Titled Tuesday intern op 30th June"]
[Site "Chess.com INT"]
[Date "2020.06.30"]
[Round "4"]
[White "Isajevsky, Anton"]
[Black "Moraes, Nelson da Silva"]
[Result "1-0"]
[WhiteElo "2403"]
[BlackElo "2178"]
[PlyCount "141"]
[EventDate "2020.06.30"]
[EventType "swiss (blitz)"]
[EventRounds "10"]
[EventCountry "USA"]
[SourceTitle "CBM 197 Extra"]
[Source "ChessBase"]
[SourceDate "2020.09.30"]
[SourceVersion "1"]
[SourceVersionDate "2020.09.30"]
[SourceQuality "1"]

1. c4 e5 2. g3 Nf6 3. Bg2 h6 4. Nc3 Bb4 5. Nf3 Bxc3 6. dxc3 d6 7. Nd2 0-0 8. e4 Bg4 9. Qc2 Qd7 10. 0-0 Bh3 11. Re1 Bxg2 12. Kxg2 Nh7 13. Nf1 f5 14. exf5 Rxf5 15. Ne3 Rf7 16. h4 Nc6 17. Nd5 Raf8 18. Be3 Nf6 19. Nxf6+ Rxf6 20. Qe4 b6 21. Rad1 Ne7 22. c5 bxc5 23. Bxc5 Qb5 24. Bxa7 Qxb2 25. Re2 Qxc3 26. Rc2 Qa5 27. Be3 Nf5 28. Rdc1 Nxe3+ 29. Qxe3 Qa8+ 30. Kg1 Rf3 31. Qe1 c5 32. Rd1 e4 33. Rxd6 e3 34. fxe3 Qe4 35. Re2 Qe5 36. Rdd2 Rxg3+ 37. Rg2 Rxe3 38. Rde2 Re8 39. Rxe3 Qxe3+ 40. Qxe3 Rxe3 41. Rc2 Rh3 42. Rc4 Ra3 43. Rxc5 Rxa2 44. h5 Kf8 45. Rf5+ Ke7 46. Rb5 Rd2 47. Kf1 Kf6 48. Kg1 Re2 49. Rb3 Re5 50. Rh3 Kg5 51. Rg3+ Kf6 52. Rh3 Rf5 53. Kg2 Rf4 54. Kg3 Kg5 55. Kg2 Rh4 56. Rf3 Kxh5 57. Rf5+ Kg6 58. Re5 Rg4+ 59. Kh3 Rg5 60. Re6+ Kh5 61. Re4 Ra5 62. Re7 g5 63. Kg3 Ra3+ 64. Kg2 Kh4 65. Re1 h5 66. Rh1+ Kg4 67. Rd1 Ra2+ 68. Kg1 Kh4 69. Rd3 g4 70. Rc3 Re2 71. Rb3 1-0

[Event "Titled Tuesday intern op 30th June"]
[Site "Chess.com INT"]
[Date "2020.06.30"]
[Round "5"]
[White "Moraes, Nelson da Silva"]
[Black "Albuquerque, Wellington S Jr"]
[Result "1-0"]
[WhiteElo "2178"]
[BlackElo "2209"]
[PlyCount "85"]
[EventDate "2020.06.30"]
[EventType "swiss (blitz)"]
[EventRounds "10"]
[EventCountry "USA"]
[SourceTitle "CBM 197 Extra"]
[Source "ChessBase"]
[SourceDate "2020.09.30"]
[SourceVersion "1"]
[SourceVersionDate "2020.09.30"]
[SourceQuality "1"]

1. e4 d6 2. d4 Nf6 3. c4 Nxe4 4. Nf3 Nf6 5. Bd3 Bg4 6. 0-0 e6 7. Nc3 Be7 8. Bg5 Nc6 9. d5 Ne5 10. Be2 Nxf3+ 11. Bxf3 Bxf3 12. Qxf3 e5 13. Qh3 Qc8 14. Qd3 h6 15. Bd2 0-0 16. f4 exf4 17. Bxf4 Qg4 18. h3 Qh5 19. Rae1 Rfe8 20. g4 Qg6 21. Qxg6 fxg6 22. Re6 Bf8 23. Rfe1 Rxe6 24. dxe6 Be7 25. g5 hxg5 26. Bxg5 c6 27. Kg2 Kf8 28. Bf4 Ke8 29. b4 Rd8 30. Kf3 d5 31. cxd5 Nxd5 32. Nxd5 Rxd5 33. a3 a5 34. bxa5 Rxa5 35. Rd1 Rxa3+ 36. Kg4 Ra4 37. Kf3 g5 38. Be3 Ra3 39. Ke4 b5 40. Rd7 b4 41. Rb7 c5 42. Rb8+ Bd8 43. Bxg5 1-0

[Event "Titled Tuesday intern op 30th June"]
[Site "Chess.com INT"]
[Date "2020.06.30"]
[Round "2"]
[White "Moraes, Nelson da Silva"]
[Black "Gharibyan, Mamikon"]
[Result "0-1"]
[WhiteElo "2178"]
[BlackElo "2433"]
[PlyCount "116"]
[EventDate "2020.06.30"]
[EventType "swiss (blitz)"]
[EventRounds "10"]
[EventCountry "USA"]
[SourceTitle "CBM 197 Extra"]
[Source "ChessBase"]
[SourceDate "2020.09.30"]
[SourceVersion "1"]
[SourceVersionDate "2020.09.30"]
[SourceQuality "1"]

1. e4 c5 2. c3 Qa5 3. Nf3 Nc6 4. Bc4 Nf6 5. e5 d5 6. exd6 exd6 7. 0-0 d5 8. Bb3 Be7 9. h3 0-0 10. d4 cxd4 11. Nxd4 Bc5 12. Nf3 Be6 13. Bg5 Ne4 14. Nbd2 h6 15. Bf4 Rad8 16. Qe2 Rfe8 17. Nxe4 dxe4 18. Nd2 Bf5 19. Bxf7+ Kxf7 20. b4 Bxb4 21. cxb4 Qxb4 22. Rab1 Qe7 23. Nc4 Kg8 24. Rfd1 e3 25. Rxd8 Rxd8 26. Re1 exf2+ 27. Qxf2 Qb4 28. Ne5 Nd4 29. Kh2 Rf8 30. Qg3 Kh7 31. Rc1 Ne6 32. Be3 Be4 33. Nd7 Rd8 34. Ne5 Qb2 35. Re1 Rc8 36. Nd7 Rc2 37. Rg1 Re2 38. Bc1 Qd4 39. Ne5 Qd5 40. Nf7 Rxa2 41. Ne5 Nd4 42. Ng4 Nf5 43. Qf4 Rxg2+ 44. Rxg2 Bxg2 45. Ne3 Nxe3 46. Qxe3 Be4 47. Bb2 Qc6 48. Qd4 Qc2+ 49. Kg3 Qc7+ 50. Kf2 Qf7+ 51. Ke3 Bf5 52. Kd2 b6 53. Kc3 Bxh3 54. Kb4 Bf5 55. Qe5 Bg6 56. Kb5 h5 57. Ka6 Qd7 58. Qg5 Bd3+ 0-1

[Event "Titled Tuesday intern op 30th June"]
[Site "Chess.com INT"]
[Date "2020.06.30"]
[Round "6"]
[White "Olsen, Filip Boe"]
[Black "Moraes, Nelson da Silva"]
[Result "0-1"]
[WhiteElo "2353"]
[BlackElo "2178"]
[PlyCount "60"]
[EventDate "2020.06.30"]
[EventType "swiss (blitz)"]
[EventRounds "10"]
[EventCountry "USA"]
[SourceTitle "CBM 197 Extra"]
[Source "ChessBase"]
[SourceDate "2020.09.30"]
[SourceVersion "1"]
[SourceVersionDate "2020.09.30"]
[SourceQuality "1"]

1. d4 d5 2. c4 dxc4 3. Nf3 e6 4. e3 c5 5. Bxc4 cxd4 6. exd4 Nc6 7. 0-0 Nf6 8. Nc3 Be7 9. a3 0-0 10. Bg5 b6 11. Rc1 Bb7 12. Ba2 Rc8 13. Re1 Na5 14. Bb1 Nc4 15. Qc2 g6 16. Ne5 Qxd4 17. Rcd1 Qc5 18. Bxf6 Bxf6 19. Nd7 Qe7 20. Nxf6+ Qxf6 21. Rd7 Nxa3 22. bxa3 Rxc3 23. Qb2 Re3 24. Qc1 Rxe1+ 25. Qxe1 Bd5 26. Rxa7 Qg5 27. Qf1 Rc8 28. f4 Qf6 29. h3 Qb2 30. Kh2 Rc1 0-1

[Event "Titled Tuesday intern op 30th June"]
[Site "Chess.com INT"]
[Date "2020.06.30"]
[Round "3"]
[White "Silva, Winston Joseph R"]
[Black "Moraes, Nelson da Silva"]
[Result "0-1"]
[WhiteElo "1892"]
[BlackElo "2178"]
[PlyCount "58"]
[EventDate "2020.06.30"]
[EventType "swiss (blitz)"]
[EventRounds "10"]
[EventCountry "USA"]
[SourceTitle "CBM 197 Extra"]
[Source "ChessBase"]
[SourceDate "2020.09.30"]
[SourceVersion "1"]
[SourceVersionDate "2020.09.30"]
[SourceQuality "1"]

1. d4 d5 2. e3 e6 3. Bd3 Nf6 4. Nd2 c5 5. c3 Nc6 6. f4 Bd6 7. Ngf3 0-0 8. 0-0 a6 9. Ne5 Qc7 10. g4 b5 11. g5 Nd7 12. Bxh7+ Kxh7 13. Qh5+ Kg8 14. Rf3 Ndxe5 15. fxe5 g6 16. Qh6 Bxe5 17. dxe5 Qxe5 18. Rh3 Qg7 19. Qh4 Ne5 20. b3 f6 21. Ba3 fxg5 22. Qxg5 b4 23. cxb4 Nf7 24. Qe7 Qxa1+ 25. Kg2 Qg7 26. Qxc5 Ng5 27. Rg3 Qf6 28. e4 Nxe4 29. Nxe4 Qf1# 0-1